000
00216nam a22000857a 4500
008
161213b xxu||||| |||| 00| 0 eng d
100
_9
2019
_a
Shamsi.K.N.
245
_a
Computer Update-5
260
_a
New Delhi
_b
S. Chand
_c
2009
999
_c
4886
_d
4886